Statistics for Investment Concepts

Click here to take the quiz!

General Stats

  • This quiz has been taken 46 times
  • The average score is 13 of 15

Answer Stats

QuestionAnswer% Correct
What is a distribution paid to shareholders of a common stock called?Dividend
100%
What describes a professionally managed portfolio made of pooled money collected from investors?Mutual Fund
98%
What is the name of the symbol of a stock?Ticker
98%
What word describes the relationship between two investments?Correlation
95%
What word describes the concept of how to reduce unsystematic risk in a portfolio?Diversification
95%
What is a type of option contract?Call
90%
What is an investment that falls into the fixed income category?Municipal Bond
90%
What is not a risk of equity investments?Water Risk
88%
What asset class is a "stock" considered to be classified?Equity
86%
What is the term used to measure a stock's volatility against an equity index?Beta
74%
Which of the following terms refers to a drop in the financial market values?Correction
74%
Which is a type of employer-sponsored retirement plan in the US?401(k)
71%
What type of analysis involves using charts to predict investment prices?Technical Analysis
69%
What is not a trait of bonds?Gravity
62%
What is the relationship between bonds and interest rates?Inverse
62%

Score Distribution

Percentile by Number Answered

Percent of People with Each Score

Your Score History

You have not taken this quiz